000 00553nam a2200229Ia 4500
003 OSt
005 20220916111029.0
006 a|||||r|||| 00| 0
007 ta
008 220915b |||||||| |||| 00| 0 eng d
024 _a123711
037 _cTextbook
040 _beng
_aARTS
_cARTS
041 _aeng
082 _aV663:19053:N3, F7
100 _aHarris W B
245 0 _aFrance Spain and the Rif
260 _c1927
650 _aHISTORY
942 _hV663:19053:N3, F7
_cTB
_2CC
999 _c103910
_d103910